000 00560nam a2200133 a 4500
008 120416s9999 xx |||||||||||||| || u
050 _aHB 172 Mac
100 _aMcKenzie, Richard B
245 1 0 _aMicroeconomics
350 _a0.00
650 _aMICROECONOMICS
995 _aBINDERY (DAMAGED)
_D0.00
_e721689
_FCBU-MAIN LIBRARY (Kitwe)
_H1
_I20.00
_jHB 172 Mac
_M1
_UDAMAGED
_y721689
_ZMain Library Open Access Collection
995 _aBINDERY (DAMAGED)
_D0.00
_e721776
_FCBU-MAIN LIBRARY (Kitwe)
_H2
_I20.00
_jHB 172 Mac
_M2
_UDAMAGED
_y721776
_ZMain Library Open Access Collection
999 _c82910
_d82910